| 000 | 00484nam a22001697a 4500 | ||
|---|---|---|---|
| 005 | 20240321115740.0 | ||
| 008 | 240321b |||||||| |||| 00| 0 eng d | ||
| 020 | _a9780789724441 | ||
| 082 |
_a006.78 _bPLA-U |
||
| 100 | _aDarell, Plant | ||
| 245 |
_aSpecial edition using macromedia flash 5 / _cRobert Cleveland |
||
| 260 |
_aindia: _bPearson; _c2001. |
||
| 300 |
_axii, 606 p. : _bill; _c23 cm. |
||
| 500 | _ainclude index. | ||
| 650 | _acomputer science/programming | ||
| 999 |
_c35422 _d35422 |
||